Φορτώνει......

Pradhama manushyan /

Λεπτομέρειες βιβλιογραφικής εγγραφής
Κύριος συγγραφέας: Camus, Albert
Άλλοι συγγραφείς: Chatterji, Prabha R.
Μορφή: Printed Book
Γλώσσα:English
Έκδοση: Thrissur: Green Books, c2013.
Θέματα:
LEADER 00630 a2200181 4500
008 150103s9999 000 0 eng
020 |a 8184232756 
082 0 0 |a 843.912  
100 1 |a Camus, Albert. 
245 1 2 |a Pradhama manushyan / 
260 |a Thrissur:  |b Green Books,  |c c2013. 
300 |a 256 p. 
500 |a Translation into Malayalam--The first man-- 
650 |a French fiction. 
700 |a Chatterji, Prabha R. 
942 |c BK 
999 |c 307444  |d 307444 
952 |0 0  |1 0  |2 ddc  |4 0  |6 M_843_912000000000000_CAM_PR  |7 0  |9 352805  |a DRA  |b DRA  |c ST1  |d 2015-06-30  |i 8648  |l 3  |o M 843.912 CAM/PR  |p DRA8648  |r 2021-03-26  |s 2021-01-21  |v 230.00  |w 2015-06-30  |y BK